00887nam a22001697a 45000010005000000030006000050050017000110080041000280400029000690820008000981000020001062450053001262600033001793000047002125200442002596500016007018970FISKH20251111154020.0251111b cb ||||| |||| 00| 0 eng d aFISKHbengcFISKHdFISKH a612 aHibbert, Clare  aDiscovery pack : bHuman body / cClare Hibbert  aLondon : bArcturus, c2019. a64 pages : bcolor illustrations ;c28 cm aDiscovery Pack: Human Body is an interactive educational set designed to help children explore how their bodies work. It includes colorful illustrations, fact cards, and activities that explain the functions of the heart, brain, lungs, muscles, and other body systems. The pack encourages curiosity through hands-on learning, helping young readers understand topics such as digestion, circulation, and the senses in a fun and simple way. aHuman Body